[Event "16th Delhi GM Open 2018"]
[Site "Delhi"]
[Date "2018.01.12"]
[Round "5"]
[White "Amonatov, Farrukh"]
[Black "Rahman, Ziaur"]
[Result "0-1"]
[WhiteElo "2636"]
[BlackElo "2472"]
[Annotator "TA"]
[PlyCount "46"]
[EventDate "2018.??.??"]
[EventType "swiss"]
[EventCountry "IND"]
[SourceTitle "playchess.com"]
[Source "ChessBase"]
[SourceQuality "1"]

{[%evp 25,46,22,60,54,78,85,78,51,45,24,29,27,23,18,30,18,32,-13,-25,-7,-13,-321,-321]} 1. e4 c5 2. Nf3 d6 3. d4 cxd4 4. Nxd4 Nf6 5. Nc3 Nc6 6. Bg5 e6 7. Qd2 a6 8. O-O-O Bd7 9. f3 Be7 10. h4 h6 {B67: Sicilian: Richter-Rauzer: 7...a6 8 0-0-0 Bd7, lines without 9 f4 Be7} 11. Be3 h5 12. Kb1 Qc7 13. Nxc6 (13. Bg5 Ne5 14. Bd3 b5 15. Rhe1 b4 16. Nce2 a5 17. f4 Neg4 18. Ng1 {½-½ (91) Short,N (2678)-Li,C (2732) Riadh 2017}) 13... bxc6 {LiveBook: 3 Games} 14. Bc4 Qb7 $146 ({Predecessor:} 14... d5 15. Bb3 a5 16. Na4 Rb8 17. Bc5 Bxc5 18. Nxc5 Qa7 19. Qc3 {1-0 (53) Demchenko,A (2589)-Musaev,R (2341) Kaliningrad 2015}) 15. Bb3 Rb8 16. Qf2 a5 17. Na4 O-O 18. e5 dxe5 19. Bc5 Bxc5 20. Nxc5 Qb6 21. Rd2 Rfd8 22. Re1 Be8 {White must now prevent ...Rxd2.} 23. Rxe5 $2 {[%mdl 8192] [#]} (23. Rde2 $11 {and White is okay.}) 23... a4 $1 {[%mdl 512] Precision: White = 28%, Black = 71%.} 0-1

[Event "16th Delhi GM Open 2018"]
[Site "Delhi"]
[Date "2018.01.12"]
[Round "5"]
[White "Sengupta, Deep"]
[Black "Sindarov, Javokhir"]
[Result "1-0"]
[WhiteElo "2586"]
[BlackElo "2429"]
[Annotator "TA"]
[PlyCount "98"]
[EventDate "2018.??.??"]
[EventType "swiss"]
[EventCountry "IND"]
[SourceTitle "playchess.com"]
[Source "ChessBase"]
[SourceQuality "1"]

{[%evp 32,98,0,0,0,0,0,21,54,41,58,10,16,0,0,-79,-95,-76,-54,-57,-37,-77,-8,-12,-7,-13,-11,-31,-60,-161,0,0,0,0,0,0,0,0,0,0,0,-129,0,0,0,0,0,0,16,17,158,128,535,526,538,528,494,485,29992,29993,29994,1279,1191,1195,1162,1155,1172,1100,29992]} 1. d4 d5 2. c4 dxc4 3. Nf3 c6 4. e3 b5 5. a4 e6 6. Nc3 Bb4 7. Bd2 Bb7 8. axb5 Bxc3 9. Bxc3 cxb5 10. b3 a5 11. bxc4 b4 12. Bb2 Nf6 13. Bd3 O-O 14. O-O Nbd7 15. Nd2 Qc7 16. f3 {D31: Queen's Gambit Declined: Semi-Slav without ...Nf6 (+ Marshall Gambit and Noteboom) and Exchange Variation lines without ...Nf6} (16. f4 a4 17. Rb1 Rfd8 18. Qe2 b3 19. Ba1 Nf8 20. e4 N6d7 21. Kh1 Re8 22. Qg4 Ng6 23. Qg3 Rad8 {½-½ (47) Andreikin,D (2737)-Tomashevsky,E (2716) Tbilisi 2015}) 16... e5 17. Qc2 {LiveBook: 3 Games} h6 18. c5 {The position is equal.} exd4 $146 ({Predecessor:} 18... Nd5 19. Rfe1 a4 20. Rxa4 Rxa4 21. Qxa4 exd4 {½-½ (21) Klauner,T (2450)-Elent,M (2444) ICCF email 2012}) 19. Bxd4 Nd5 20. Rfc1 {Hoping for c6.} Ne5 21. Be4 {Strongly threatening c6!} Bc6 $1 22. Qb2 Rfe8 $1 23. Nc4 (23. Rc2 $11) 23... Nxc4 $17 24. Rxc4 f6 25. Rcc1 {[%cal Bc4c1,Bc1d1,Bd1d6][%mdl 32]} Qb7 26. Qb3 {Threatening Bg6.} Kh8 (26... Red8 $17) 27. Bb1 $11 Qd7 28. Qc2 {[%csl Gb1][%cal Rc2h7]} f5 $1 29. Rd1 a4 30. e4 (30. Qxf5 $15 Qxf5 31. Bxf5) 30... fxe4 $2 (30... Nf4 $1 $19 {...Rad8 is the strong threat.} 31. Be3 b3) 31. fxe4 b3 32. Qc1 Nc7 33. Bb2 $1 Qg4 34. Rd6 Re6 35. h3 Qg6 ({Black should try} 35... Qh5 $11) 36. Qd2 $17 Rf8 (36... Bxe4 $17 37. Bxe4 Qxe4) 37. e5 $11 {[%cal Be4e5,Be5e6,Be6e7][%mdl 32]} Qg3 {[#]} 38. Rxc6 $1 {[%mdl 512]} Rxc6 39. Rxa4 {Threatens to win with Rg4.} Rxc5 {[#]} 40. e6 $1 {[%mdl 512] [#] Qxh6+ would kill now.} Qg5 (40... Re5 $1 $11 {[%mdl 512] keeps the balance.} 41. Bxe5 Qxe5) (40... Nxe6 41. Qxh6+) 41. e7 $40 {[%cal Re7f8][%mdl 1152] White has strong compensation. White has strong attack.} Re8 $2 {[%mdl 8192]} ({Avoid the trap} 41... Rf1+ $2 42. Kxf1 Rf5+ 43. Kg1 $18) (41... Rg8 $16 42. Qd3 Rc2 43. Bxc2 bxc2) 42. Qd3 $18 {[%csl Gb1][%cal Rd3h7]} Rc2 {[%csl Gc2][%cal Rg5g2] [#]} 43. Rg4 $1 {[%cal Rg4g5]} ({Less strong is} 43. Bxc2 Qc5+ 44. Kh2 Qxc2 $14) 43... Qc5+ 44. Bd4 Rc1+ (44... Qxe7 $18 45. Bxg7+ (45. Bxc2 bxc2 46. Qxc2 Ne6 $14) 45... Qxg7 46. Rxg7 Kxg7) 45. Kh2 {[%csl Gb1][%cal Rd3h7]} Qd6+ 46. Rg3 (46. g3 $142 Rxb1 47. Bxg7+ Kg8 48. Bf8+ Kh8 49. Qc3+ Qf6 50. Qxf6+ Kh7 51. Qxh6#) 46... Kg8 {White is clearly winning.} 47. Qh7+ Kf7 48. Qxg7+ Ke6 49. Qxh6+ Kd5 {Precision: White = 47%, Black = 34%.} 1-0

[Event "16th Delhi GM Open 2018"]
[Site "Delhi"]
[Date "2018.01.12"]
[Round "5"]
[White "Karthikeyan, Murali"]
[Black "Erigaisi Arjun"]
[Result "1-0"]
[WhiteElo "2580"]
[BlackElo "2386"]
[Annotator "TA"]
[PlyCount "67"]
[EventDate "2018.??.??"]
[EventType "swiss"]
[EventCountry "IND"]
[SourceTitle "playchess.com"]
[Source "ChessBase"]
[SourceQuality "1"]

{[%evp 25,67,0,37,37,37,40,56,29,31,31,37,12,18,18,15,28,25,34,47,52,89,87,91,92,99,99,93,93,102,77,102,107,139,143,246,245,227,239,376,352,671,647,752,748]} 1. e4 e6 2. d4 d5 3. Nc3 Nf6 4. Bg5 dxe4 5. Nxe4 Nbd7 6. Nf3 h6 7. Nxf6+ Nxf6 8. Bxf6 Qxf6 9. Bb5+ c6 {C10: French with 3 Nc3: Unusual Black 3rd moves and 3...dxe4} 10. Bd3 Bd7 11. Qe2 Bd6 12. Ne5 O-O-O 13. O-O Kb8 {[#] LiveBook: 5 Games} 14. b4 $146 ({Find the theoretical novelty and annotate with similar games:} 14. c3 c5 15. Qe3 Bc8 16. a4 Bc7 17. a5 {1-0 (39) Stukopin,A (2544)-Vorobiov,E (2590) Moscow 2014}) 14... Bxe5 15. dxe5 Qe7 16. Rfb1 Bc8 {[%cal Bd7c8,Bc8b7,Bb7d5][%mdl 32]} 17. a4 Rd7 18. Qe3 Rhd8 19. b5 cxb5 20. axb5 b6 21. Ra4 Bb7 22. Rba1 Bd5 23. c4 $36 {[%mdl 2048] Black is under strong pressure.} Bb7 ({Wrong is} 23... Bxg2 $2 24. Kxg2 Rxd3 {[#]} 25. Qxb6+ $1 {[%mdl 512]} Kc8 26. Qa6+ (26. Rxa7 $2 Qg5+ 27. Kf1 Rd1+ 28. Rxd1 Rxd1+ 29. Ke2 Qd2+ 30. Kf3 Qd3+ 31. Qe3 Qf5+ 32. Kg2 Qg4+ 33. Qg3 Qe4+ 34. Kh3 Rd3 $19) 26... Kb8 27. Qxa7+ Qxa7 28. Rxa7 $18) 24. Be2 Qg5 25. Qxg5 hxg5 26. Rxa7 Rd2 27. R7a2 (27. Kf1 {NOTEXT} R8d7 28. R7a2 R2d4 29. Ra3 f6 30. h3) 27... Rxa2 28. Rxa2 $16 {[%mdl 4096] Endgame KRB-KRB} Rc8 29. Ra3 f5 (29... Rc5 $16 {is a better defense.}) 30. Rg3 $18 g4 31. f4 {[%cal Bf2f4,Bf4g5][%mdl 32]} g5 (31... Be4 {might work better.} 32. h3 gxh3) 32. fxg5 Rg8 $2 (32... Rh8 33. Rd3 Rg8) 33. h4 Rh8 {[#]} 34. Bxg4 $1 {Precision: White = 80%, Black = 36%.} 1-0

[Event "16th Delhi GM Open 2018"]
[Site "Delhi"]
[Date "2018.01.12"]
[Round "5"]
[White "Tukhaev, Adam"]
[Black "Mohammad Nubairshah Shaikh"]
[Result "0-1"]
[WhiteElo "2570"]
[BlackElo "2380"]
[Annotator "TA"]
[PlyCount "62"]
[EventDate "2018.??.??"]
[EventType "swiss"]
[EventCountry "IND"]
[SourceTitle "playchess.com"]
[Source "ChessBase"]
[SourceQuality "1"]

{[%evp 9,62,0,17,21,12,13,22,25,59,56,64,-36,-31,-26,-33,-45,-33,-34,-40,-65,-46,-67,-67,-120,-76,-93,-87,-103,-95,-185,-176,-172,0,-101,-72,-94,-102,-102,-85,-116,-88,-106,-104,-105,-80,-174,-162,-202,-186,-317,-166,-306,-197,-586,-602]} 1. e4 c6 2. d4 d5 3. e5 c5 4. Nf3 cxd4 5. Nxd4 e6 6. Nd2 {B12: Caro-Kann: Advance Variation} (6. c4 Bb4+ 7. Nc3 Ne7 8. Be2 Nbc6 9. Nxc6 Nxc6 10. O-O d4 11. Ne4 Nxe5 12. Bf4 Nc6 13. c5 {1-0 (45) Ragger,M (2697)-Van Foreest,J (2612) Wijk aan Zee 2017}) 6... Nc6 7. N2f3 Bc5 8. c3 {The position is equal.} f6 9. b4 $146 ({Predecessor:} 9. Be3 Bb6 10. Bb5 Bd7 11. O-O Qe7 {1-0 (36) Dochev,D (2430)-Kounalakis,E (2142) Heraklion 2010}) 9... Bb6 10. b5 ({White should play} 10. Bd3 $14) 10... Nxe5 $15 11. Nxe5 fxe5 12. Qh5+ g6 13. Qxe5 Nf6 14. Ba3 Kf7 (14... Bc7 $5 {[%cal Rc7e5]} 15. Qe3 e5 $15) 15. f3 Re8 16. Be2 (16. Nb3 $15) 16... Bc7 17. Qe3 e5 18. Nb3 d4 19. cxd4 (19. Qd2 $17) 19... exd4 $19 20. Qxd4 Bd7 $2 ({Black should try} 20... Nd5 $19 {Strongly threatening ...Nf4.} 21. Rd1 Ne3) 21. Kf2 (21. O-O-O $1 $11 {was the only way to keep the balance.}) 21... Be5 ({Worse is} 21... Rxe2+ 22. Kxe2 Bxb5+ 23. Kf2 $16) 22. Qd2 Bxa1 23. Rxa1 Rc8 $36 {[%mdl 2048] aiming for ...Qb6+. Black is on the roll.} 24. Rc1 Rxc1 25. Bxc1 Qb6+ 26. Nd4 Qc5 27. Bb2 {[#]} (27. Kf1 $17) 27... Be6 $1 28. a4 {[#]} Bc4 $1 29. Bd1 (29. Bxc4+ {was worth a try.} Qxc4 30. Ne2) 29... b6 (29... Nd5 $142 30. Kg1 Re3) 30. h4 (30. Qf4 $142) 30... Kg8 31. Qg5 $2 (31. Kg1 {is tougher.}) 31... Qb4 {Precision: White = 28%, Black = 64%.} 0-1

[Event "16th Delhi GM Open 2018"]
[Site "Delhi"]
[Date "2018.01.12"]
[Round "5"]
[White "David, Alberto"]
[Black "Koustav Chatterjee"]
[Result "1-0"]
[WhiteElo "2553"]
[BlackElo "2288"]
[Annotator "TA"]
[PlyCount "69"]
[EventDate "2018.??.??"]
[EventType "swiss"]
[EventCountry "IND"]
[SourceTitle "playchess.com"]
[Source "ChessBase"]
[SourceQuality "1"]

{[%evp 10,69,50,31,29,18,35,29,25,15,35,34,36,18,34,12,20,0,31,31,33,39,47,30,60,40,57,39,43,49,53,53,54,56,50,54,54,52,47,44,63,34,100,103,92,98,121,116,173,173,396,312,463,444,705,562,562,556,538,531,502,502]} 1. e4 c5 2. Nf3 e6 3. g3 Nc6 4. Bg2 Qc7 (4... Nf6 5. d3 d5 6. Nbd2 Be7 7. O-O O-O 8. Re1 b5 9. e5 Nd7 10. Nf1 Bb7 11. h4 Qc7 12. Bf4 Rfc8 13. Ne3 Qd8 14. Ng4 Bf8 15. Bg5 Qe8 16. c3 h6 17. Bf4 a5 18. Qd2 b4 19. c4 Ne7 20. h5 {1-0 (59) Kuzubov,Y (2699)-Grischuk,A (2772) Riadh 2017}) 5. O-O Nf6 6. Re1 {LiveBook: 5 Games. B40: Sicilian: 2...e6, Unusual lines} Be7 7. c3 O-O 8. e5 {White is slightly better.} Nd5 9. d3 $146 ({Predecessor:} 9. c4 Nb6 10. d3 Rd8 11. Nc3 d5 12. exd6 Qxd6 13. Bf1 e5 14. Nb5 {0-1 (62) Savic,M (2529)-Bistric,F (2488) Neum 2004}) 9... f6 10. exf6 Nxf6 11. d4 Qb6 12. Bh3 Qd8 13. Bg5 cxd4 14. cxd4 b6 15. Nc3 Bb7 16. a3 Kh8 17. Rc1 Rc8 18. Bf4 Na5 19. Ne5 Nc4 20. Nxc4 Rxc4 21. Qd3 Rc8 22. Bg2 Bxg2 23. Kxg2 Rc6 24. d5 exd5 25. Nxd5 Nxd5 ({Better is} 25... Rxc1 $14 26. Rxc1 Qa8) 26. Qxd5 $16 Bf6 27. b4 Rxc1 28. Rxc1 Bb2 (28... Qa8 $16 29. Qxa8 Rxa8) 29. Rc7 $18 Bxa3 $2 (29... Qa8 {was called for.} 30. Qxa8 (30. Rxd7 Qxd5+ 31. Rxd5 Bxa3 $16) 30... Rxa8) 30. Rxd7 Qf6 {[#]} (30... Qa8 $142 31. Qxa8 Rxa8) 31. Rxg7 $3 {[%mdl 512] White is clearly winning.} Bxb4 (31... Bb2 $142) (31... Qxg7 32. Be5) 32. Rg8+ Rxg8 33. Be5 Bc3 34. Bxf6+ Bxf6 35. Qf7 {Precision: White = 67%, Black = 35%.} 1-0

[Event "16th Delhi GM Open 2018"]
[Site "Delhi"]
[Date "2018.01.12"]
[Round "5"]
[White "Tran, Tuan Minh"]
[Black "Aronyak Ghosh"]
[Result "1-0"]
[WhiteElo "2548"]
[BlackElo "2309"]
[Annotator "TA"]
[PlyCount "119"]
[EventDate "2018.??.??"]
[EventType "swiss"]
[EventCountry "IND"]
[SourceTitle "playchess.com"]
[Source "ChessBase"]
[SourceQuality "1"]

{[%evp 10,119,18,-16,5,0,18,7,20,19,43,14,52,58,60,61,72,0,52,0,63,0,55,0,66,66,66,66,66,66,67,68,69,65,70,56,58,56,64,66,95,101,114,119,104,114,110,97,123,88,84,33,34,41,51,49,49,38,46,0,44,31,38,33,46,29,29,29,29,29,31,30,127,132,131,141,150,167,149,136,163,163,185,172,187,157,231,164,173,116,116,116,115,84,217,202,427,427,1030,918,1318,1318,6191,5512,9306,9050,7468,7468,1296,1178,925,743]} 1. c4 c5 2. g3 Nf6 3. Bg2 g6 4. Nc3 Bg7 5. d3 Nc6 6. Bd2 {LiveBook: 4 Games} a6 {A36: Symmetrical English vs ...g6: 4 Bg2 Bg7} (6... O-O 7. Qc1 b6 8. Bh6 Bb7 9. h4 Bxh6 10. Qxh6 Ng4 11. Qd2 e6 12. h5 Qe7 13. Nh3 f5 14. hxg6 hxg6 {1-0 (33) Mamedyarov,S (2748)-Beradze,I (2425) Nakhchivan 2016}) 7. Qc1 h6 $146 ({Predecessor:} 7... Nd4 8. Nf3 Nxf3+ 9. Bxf3 Rb8 10. Bh6 O-O 11. Ne4 Nxe4 12. Bxe4 Qa5+ 13. Bd2 Qc7 14. Bh6 {0-1 (47) Krumphals,I-Heinzel,L (1878) Austria 2010}) 8. Rb1 d6 {The position is equal.} 9. a3 Be6 10. Nd5 Bxd5 11. cxd5 Nd4 12. Qd1 Nb5 13. Qc1 Nd4 14. Qd1 Nb5 $1 15. Qc1 Nd4 16. Qd1 Nb5 17. a4 Nc7 {[%cal Bb5c7,Bc7a6,Ba6b4][%mdl 32]} 18. e4 a5 19. Ne2 Na6 20. O-O Nb4 21. Bc3 O-O 22. Kh1 Qd7 23. d4 Rfc8 24. Nf4 {Black must now prevent e5.} cxd4 {[#]} 25. Bxb4 $1 {Hoping for Be1.} axb4 26. Bh3 Qe8 27. Bxc8 Rxc8 28. f3 Nd7 29. Ne2 Nc5 30. b3 ({Better is} 30. Nxd4 $16 {b3 is the strong threat.} Qxa4 31. Qxa4 Nxa4 32. Rfd1) 30... d3 $14 31. Nf4 b5 32. a5 Qd8 33. a6 Qa5 34. Rc1 Bc3 {Threatening ...d2.} (34... Bb2 $5 {[%cal Rb2c1]} 35. Rb1 (35. Nxd3 Bxc1 36. Qxc1 Qxa6 $15) 35... Bc3 $16) 35. Nxd3 Qxa6 36. Qc2 Ra8 37. Rf2 $36 {[%mdl 2048] White is more active.} Qb6 {Strongly threatening ...Nxd3.} 38. Re2 Ra3 39. Rb1 Kg7 40. Kg2 Qb7 {[#]} (40... e5 $11 {keeps the balance.}) 41. Nc1 $1 $16 e6 42. Na2 Rxa2 43. Qxa2 exd5 44. exd5 Qxd5 45. Qc2 Ne6 46. Qe4 Qc5 47. Qd3 d5 (47... h5 $16 48. Rd1 Nd4) 48. f4 Qc6 49. h4 ({White should play} 49. Qe3 $18) 49... Nd4 50. Re5 Nf5 51. Rxf5 ({Wrong is} 51. Rxd5 $2 Qxd5+ 52. Qxd5 Ne3+ 53. Kf3 Nxd5 $19) 51... gxf5 (51... d4+ $16 52. Kf2 gxf5) 52. Qxf5 $18 Qg6 $2 (52... Qa6 53. Qg4+ Kf8) 53. Qxg6+ {White is clearly winning.} fxg6 {[%mdl 4096] Endgame KR-KB} (53... Kxg6 $142 54. Rd1 d4) 54. Rd1 d4 55. g4 Kf6 56. Kf3 h5 57. gxh5 gxh5 58. Ke4 Ke6 59. f5+ Kf6 60. Rg1 {Precision: White = 60%, Black = 57%.} 1-0

[Event "16th Delhi GM Open 2018"]
[Site "Delhi"]
[Date "2018.01.12"]
[Round "5"]
[White "Vaibhav, Suri"]
[Black "Roy Chowdhury, Saptarshi"]
[Result "1-0"]
[WhiteElo "2542"]
[BlackElo "2318"]
[Annotator "TA"]
[PlyCount "99"]
[EventDate "2018.??.??"]
[EventType "swiss"]
[EventCountry "IND"]
[SourceTitle "playchess.com"]
[Source "ChessBase"]
[SourceQuality "1"]

{[%evp 21,99,27,27,27,37,35,39,24,49,48,81,70,124,115,135,136,159,156,150,153,168,168,160,120,144,135,155,151,151,150,171,151,168,154,206,160,172,161,161,160,173,160,173,147,157,150,168,146,200,195,192,188,189,187,283,285,414,410,377,411,545,547,697,695,724,730,1225,1211,1494,1078,1041,1027,1291,1257,1256,1252,1931,1504,1838,1799]} 1. d4 d5 2. c4 e6 3. Nc3 Nf6 4. cxd5 exd5 5. Bg5 c6 6. e3 Be7 7. Bd3 Nbd7 8. Nge2 Nh5 9. Bxe7 Qxe7 10. Qc2 Nhf6 {D36: Queen's Gambit Declined: Exchange Variation: Main line (5 Bg5 c6 6 Qc2)} (10... g6 11. O-O O-O 12. Rab1 a5 13. Rbe1 Nb6 14. Nc1 Ng7 15. f3 Bf5 16. e4 dxe4 17. fxe4 Be6 18. Qf2 f5 19. exf5 Nxf5 20. Nb3 Ng7 21. Qe3 Rxf1+ 22. Rxf1 Re8 23. Nc5 Bf5 {½-½ (23) Korobov,A (2711)-Yilmaz,M (2630) Khanty-Mansiysk 2017}) 11. O-O O-O {LiveBook: 7 Games} 12. Rab1 a5 {White has an edge.} 13. a3 Nb6 $146 ({Predecessor:} 13... Re8 14. Rfc1 Nf8 15. Ng3 g6 16. Na4 N6d7 17. Nc5 Nxc5 18. Qxc5 Qc7 {½-½ (27) Walter,M (1821)-Silfver,T (1880) ICCF email 2010}) 14. Nf4 Bd7 15. b4 a4 16. b5 {[#] Threatens to win with bxc6.} Rfb8 (16... Nc4 $14 17. Bxc4 dxc4) 17. bxc6 $16 bxc6 18. Rb4 {Hoping for Rfb1.} Nc8 19. Rfb1 ({Resist} 19. Rxa4 $6 Rxa4 20. Nxa4 (20. Qxa4 Rb7 $16) 20... Qxa3 $16) 19... Rxb4 20. Rxb4 Nd6 21. Rxa4 Rb8 22. Rb4 Ra8 23. Qb3 g5 {[#]} 24. Nfe2 $1 Kg7 25. Rb8 Ra7 26. a4 Bg4 27. h3 Bc8 (27... Bh5 $16 28. Qb6 Rb7 29. Rxb7 Qxb7 30. Qxb7 Nxb7) 28. Ng3 {Rxc8! is the strong threat.} Be6 29. Qd1 Qc7 30. Rb1 h6 31. Bc2 Kf8 32. Qd3 Ra8 33. Nce2 Re8 34. Rf1 Bc8 (34... Nc4 $16 {keeps fighting.} 35. Rb1 h5) 35. Ra1 $18 h5 36. a5 {[%cal Ba4a5,Ba5a6][%mdl 32]} h4 37. Nf1 {[%cal Bg3f1,Bf1d2,Bd2f3,Bf3e5][%mdl 32]} Nc4 (37... Bf5 $142 38. Qd1 Bxc2 39. Qxc2 Ra8) 38. a6 Qa7 (38... Be6 $142 39. Nd2 Nd6) 39. Nd2 Nd6 40. Qa3 Rd8 41. Nf3 {White is clearly winning.} g4 42. Ne5 Kg7 43. Nxc6 Qc7 44. Nxd8 gxh3 45. Qc5 Qxd8 46. a7 h2+ 47. Kxh2 Bb7 48. Nf4 Nc4 49. Kg1 Qe8 50. Bd3 {Precision: White = 76%, Black = 34%.} 1-0

[Event "16th Delhi GM Open 2018"]
[Site "Delhi"]
[Date "2018.01.12"]
[Round "5"]
[White "Pruijssers, Roeland"]
[Black "Neelash Saha"]
[Result "1/2-1/2"]
[WhiteElo "2536"]
[BlackElo "2105"]
[Annotator "TA"]
[PlyCount "101"]
[EventDate "2018.??.??"]
[EventType "swiss"]
[EventCountry "IND"]
[SourceTitle "playchess.com"]
[Source "ChessBase"]
[SourceQuality "1"]

{[%evp 9,101,8,16,-6,36,30,18,-9,-8,-23,-23,-23,-30,-34,0,-23,-25,-53,-16,-22,-10,-10,-10,-9,-9,-8,-1,-12,12,7,8,0,0,-8,0,0,0,0,0,0,7,0,0,0,0,0,4,0,0,0,0,0,0,0,0,0,0,0,0,0,0,0,0,0,0,0,0,0,0,0,0,0,0,0,0,0,0,0,0,0,0,0,0,0,0,0,0,0,0,0,0,0,0,0]} 1. e4 c5 2. Nf3 d6 3. Bb5+ Bd7 4. Bxd7+ Nxd7 5. c4 Ne5 6. O-O {B52: Sicilian: Moscow Variation with 3...Bd7} (6. Nc3 {with more complications.} Nf6 7. O-O e6 8. Rb1 Be7 9. b4) (6. d4 Nxf3+ 7. gxf3 cxd4 8. Qxd4 Nf6 9. Nc3 g6 10. c5 Bg7 11. cxd6 O-O 12. e5 Nd7 13. f4 Nb6 {0-1 (63) Anand,V (2785)-Nepomniachtchi,I (2730) Dubai 2014}) 6... Qd7 7. Nxe5 dxe5 8. Nc3 e6 9. d3 Ne7 {[%cal Bg8e7,Be7c6,Bc6d4][%mdl 32]} 10. Be3 $146 ({Predecessor:} 10. f4 exf4 11. Bxf4 Ng6 12. Bg3 Bd6 13. Bxd6 Qxd6 14. Qa4+ Ke7 15. Nb5 Qb6 {½-½ (15) Bortnyk,O (2533)-Dubov,D (2632) Moscow 2015}) 10... Nc6 11. a3 Bd6 12. Rb1 O-O 13. Qa4 Rfd8 14. Rfd1 {The position is equal.} Nd4 15. Qxd7 Rxd7 16. b4 b6 17. Rd2 Rc8 18. f3 h6 19. Kf2 g5 20. Rdb2 Be7 21. b5 Bd8 22. a4 a5 23. bxa6 {[#] Black must now prevent a5!} Ra8 $1 24. a5 Rxa6 25. axb6 {Strongly threatening b7.} Rb7 26. Nb5 Rbxb6 27. g3 f5 28. exf5 exf5 29. Nc3 Rxb2+ 30. Rxb2 Ne6 31. Ke2 Kf7 32. Rb7+ Ke8 33. g4 f4 34. Bf2 Nd4+ 35. Bxd4 exd4 $11 {[%mdl 4096] Endgame KRB-KRN} 36. Ne4 Ra2+ 37. Kd1 Be7 38. h3 Rh2 39. Rb8+ Kd7 40. Rb7+ Kd8 41. Rb5 Rxh3 42. Ke2 Rh2+ 43. Ke1 Rh1+ 44. Ke2 Rh2+ 45. Kf1 Rh1+ 46. Kg2 Re1 47. Rb6 ({Much worse is} 47. Nxc5 Bxc5 48. Rxc5 Re2+ 49. Kf1 Re3 $15) 47... Re2+ 48. Nf2 Bf8 49. Rb8+ Ke7 50. Rb7+ Ke8 51. Kf1 {Precision: White = 70%, Black = 77%.} 1/2-1/2

[Event "16th Delhi GM Open 2018"]
[Site "Delhi"]
[Date "2018.01.12"]
[Round "5"]
[White "Deepan Chakkravarthy J"]
[Black "Naiditsch, Arkadij"]
[Result "0-1"]
[WhiteElo "2475"]
[BlackElo "2701"]
[Annotator "TA"]
[PlyCount "82"]
[EventDate "2018.??.??"]
[EventType "swiss"]
[EventCountry "IND"]
[SourceTitle "playchess.com"]
[Source "ChessBase"]
[SourceQuality "1"]

{[%evp 18,82,37,18,20,0,0,0,0,-13,0,0,0,0,0,0,0,0,67,0,0,0,119,140,136,131,144,121,137,127,135,111,230,229,320,314,309,302,281,267,289,282,277,212,189,96,298,97,141,0,0,-428,-416,-368,-316,-29970,-29972,-29961,-5143,-1721,0,-902,-890,-29984,-29985,-29990,-624]} 1. e4 e5 2. Nf3 Nc6 3. Bb5 a6 4. Ba4 d6 5. c3 Bd7 6. O-O g6 7. d4 Bg7 8. d5 Nce7 9. c4 {C76: Spanische Partie (Moderne Steinitz-Verteidigung)} (9. Bxd7+ Qxd7 10. c4 h6 11. Nc3 f5 12. exf5 gxf5 13. Ne1 Nf6 14. f4 e4 15. Nc2 c5 16. dxc6 bxc6 17. Be3 O-O 18. Qd2 c5 19. h3 Qe6 {1-0 (51) Zhao,J (2604)-Sargissian,G (2672) Riadh 2017}) 9... b5 10. Bc2 {LiveBook: 6 Partien} bxc4 11. Nbd2 {Die Stellung ist ausgeglichen.} f5 $146 ({Vorgänger:} 11... Nf6 12. Nxc4 O-O 13. Bd2 Qb8 14. a4 c6 15. dxc6 Bxc6 16. Bg5 Rd8 {½-½ (53) Zubov,A (2493)-Malaniuk,V (2526) Warsaw 2005}) 12. Ng5 Nf6 13. Nxc4 h6 14. Ne6 Bxe6 $1 15. dxe6 Nxe4 16. Bxe4 fxe4 17. Qa4+ c6 ({Besser ist} 17... Kf8 $1 $11) 18. Qb4 (18. Be3 $14) 18... Nf5 $11 19. g4 {[%cal Bg2g4,Bg4f5][%mdl 32]} Rb8 (19... Qh4 $1 $11 {hält das Gleichgewicht.} 20. Nxd6+ (20. gxf5 Qg4+ 21. Kh1 Qf3+ 22. Kg1 Qg4+ 23. Kh1 Qf3+ 24. Kg1 Qg4+ $11) 20... Nxd6 21. Qxd6 Qxg4+ 22. Kh1 Qf3+ 23. Kg1 Qg4+ 24. Kh1 Qf3+ 25. Kg1 Qg4+) 20. Qa3 $16 d5 21. gxf5 dxc4 22. Be3 $1 (22. fxg6 $6 Qe7 $14) (22. Qxa6 $6 O-O $11) 22... Qe7 23. Qxa6 O-O 24. Qxc4 (24. Qxc6 $6 gxf5 25. Bc5 Qh4 $11) 24... gxf5 (24... Rxf5 $16 25. Rab1 (25. Qxc6 Qh4 $11) 25... Qh4) 25. Bc5 $18 (25. Qxc6 Rf6 $11) 25... Qh4 {Droht stark ...Dg4+.} 26. e7+ (26. Bxf8 Qg4+ 27. Kh1 Qf3+ 28. Kg1 Qg4+ 29. Kh1 Qf3+ 30. Kg1 Qg4+ $11) 26... Rf7 27. Kh1 $1 Qh5 28. Rg1 {Schwarz muss nun Db3! beachten.} Kh7 29. Rg3 {Und Tag1 würde nun gewinnen.} e3 30. Qe6 (30. Bxe3 f4 $11) 30... f4 31. Rh3 (31. Rg2 $18 Rf5 32. fxe3) 31... Rf6 $2 (31... Qf5 $16 {war einen Versuch wert.} 32. Qxf5+ Rxf5) 32. Qd7 $2 ({Schwächer ist} 32. Rxh5 Rxe6 33. fxe3 Kg6 $11) (32. Qxf6 $1 $18 {und der Rest ist Schweigen.} Qxh3 33. Qxc6) 32... Qf7 {[#]} 33. fxe3 ({Weiss braucht} 33. Qd3+ $1 $16 Qg6 34. Qxg6+ Rxg6 35. fxe3) 33... Qc4 {( -> ...De4+)} 34. exf4 $2 {[%mdl 8192]} (34. e8=N $2 Qe4+ 35. Kg1 Rxe8 $19) (34. Rf3 $1 $11 Qe4 35. Qg4) 34... Qe4+ $19 35. Kg1 {zielt auf Tg3 ab.} exf4 36. Rb3 $2 (36. Rh4 $19 Rg6+ 37. Rg4) 36... Rg6+ 37. Kf1 Qh1+ 38. Ke2 Qe4+ $2 $40 {[%mdl 128] Schwarz hat einigen Angriff.} (38... Qxh2+ $19 39. Bf2 {[#]} f3+ $1 {[%mdl 512]} 40. Ke3 Rxb3+ 41. axb3 Qe5+ 42. Kxf3 Rf6+ 43. Kg2 Qe2 44. Qd6 Qxf2+ 45. Kh1 Qf3+ 46. Kg1 Qe3+ 47. Kh1 Rxd6 48. Rf1 Qh3+ 49. Kg1 Bd4+ 50. Rf2 Rg6#) 39. Kd1 $2 {[%mdl 8192]} (39. Kf1 $11 Qh1+ 40. Ke2 f3+ 41. Rxf3 (41. Ke3 $2 Qxa1 42. Qf5 Ra8 $19) 41... Rxb2+ 42. Ke3 Qxh2 43. Bd4 (43. e8=Q {führt zum Matt.} Qe2+ 44. Kf4 Rf6+ 45. Qf5+ Rxf5+ 46. Kxf5 Qxf3+ 47. Ke6 Qd5+ 48. Ke7 Re2+ 49. Be3 Rxe3#) 43... Re6+ 44. Qxe6 Qd2+ 45. Ke4 Qxd4+ 46. Kf5 Rb5+ 47. Qd5 Rxd5+ 48. Ke6 Qe4+ 49. Kf7 Qg6#) 39... Rxb3 40. e8=Q Rd3+ 41. Kc1 Qc4+ {Precision: Weiß = 46%, Schwarz = 58%.} 0-1